000 00493nam a2200157 4500
001 138738
003 ES-MaACL
005 20230906195627.0
007 t|
008 070214s1968 sp r ||||1| spa d
100 1 _aSanz Lodre, León.
_9103657
245 1 0 _aEjercicios-guiones para escritura taquigráfica
_b: (sistema martiniano) /
_cLeón Sanz Lodre.
260 _aZaragoza :
_b[s.n.],
_c1968 (
_fViuda de Sanz Lodre)
300 _a80 p. ;
_c22 cm.
852 _aES-MaACL
_jC-47288
_bR.68069
999 _c138738
_d138738